|
|
|
|
| LEADER |
00000naa2a2200000 4500 |
| 001 |
237660 |
| 005 |
20231221173205.0 |
| 035 |
|
|
|a (RuTPU)RU\TPU\book\258835
|
| 035 |
|
|
|a RU\TPU\book\258819
|
| 090 |
|
|
|a 237660
|
| 100 |
|
|
|a 20130516d2010 k y0rusy50 ca
|
| 101 |
0 |
|
|a eng
|
| 102 |
|
|
|a RU
|
| 200 |
1 |
|
|a How to use the basics of essay writing properly
|f M. V. Netesova, O. G. Nalivayko
|
| 225 |
1 |
|
|a Инновационные подходы к лингвогуманитарной подготовке специалистов с высшим профессиональным образованием
|
| 320 |
|
|
|a Библиогр.: с. 100 (4 назв.)
|
| 461 |
|
0 |
|0 (RuTPU)RU\TPU\book\251554
|t Прикладная филология: идеи, концепции, проекты
|o сборник статей VIII Международной научно-практической конференции, 27-29 октября 2010 г.
|o в 2 ч.
|f Национальный исследовательский Томский политехнический университет (ТПУ), Институт международного образования и языковой коммуникации (ИМОЯК) ; под ред. С. А. Песоцкой
|d 2010
|
| 463 |
|
0 |
|0 (RuTPU)RU\TPU\book\250264
|t Ч. 1
|v С. 96-100
|d 2010
|p 231 с.
|
| 610 |
1 |
|
|a труды учёных ТПУ
|
| 610 |
1 |
|
|a тексты
|
| 610 |
1 |
|
|a написание
|
| 610 |
1 |
|
|a приемы
|
| 610 |
1 |
|
|a эссе
|
| 610 |
1 |
|
|a правила
|
| 700 |
|
1 |
|a Netesova
|b M. V.
|c linguist
|c Senior Lecturer of Tomsk Polytechnic University
|f 1983-
|g Mariya Vitalevna
|3 (RuTPU)RU\TPU\pers\30796
|9 15052
|
| 701 |
|
1 |
|a Nalivayko
|b O. G.
|
| 801 |
|
1 |
|a RU
|b 63413507
|c 20130514
|
| 801 |
|
2 |
|a RU
|b 63413507
|c 20151125
|g RCR
|
| 942 |
|
|
|c BK
|